| 000 | 00967nam a22003497a 4500 | ||
|---|---|---|---|
| 001 | 045 | ||
| 003 | DO-SdBNP | ||
| 005 | 20180220111409.0 | ||
| 007 | 045 | ||
| 008 | 151005b 1992 sp 00| 0 spa d | ||
| 020 | _a8434824841 | ||
| 040 |
_aBPMSU _bspa _cBPMSU |
||
| 092 |
_aXXXX _bXXXX |
||
| 100 | 1 | _aPreussler, Otfried | |
| 240 | 1 | 0 |
_aBei uns in Schilda _f1988 _lale |
| 245 | 1 | 0 |
_aLos locos de Villasimplona / _cOtfried Preussler ; ilustración Erich Hölle ; traducción Marianella Terzi |
| 250 | _a5a. ed. | ||
| 260 |
_aMadrid : _bEdiciones SM, _c1992 |
||
| 300 |
_a157 p. : _bil. ; _c19 cm. |
||
| 490 | 1 |
_aEl barco de vapor _v53 |
|
| 490 | 1 | _aNaranja | |
| 500 | _aA partir de 9 años | ||
| 521 | 1 | _aA partir de los 9 años | |
| 700 | 1 | 2 |
_aHölle, Erich _eil. |
| 700 | 1 | 2 |
_aTerzi, Marinella _etrad. |
| 830 | 0 |
_aBarco de vapor _n53 |
|
| 830 | 0 | _aNaranja | |
| 910 | _a202 | ||
| 942 |
_2ddc _cBK |
||
| 945 | _aInventariado, 2018 / BT | ||
| 956 | _aYngrid Lockward | ||
| 999 |
_c8397 _d8397 |
||